Normal view
MARC view
- BURD, BARRY
Entry Personal Name
001 - CONTROL NUMBER
- control field: 55397
003 - CONTROL NUMBER IDENTIFIER
- control field: NUST
005 - DATE AND TIME OF LATEST TRANSACTION
- control field: 20210617122034.0
008 - FIXED-LENGTH DATA ELEMENTS
- fixed length control field: 210617|| aca||aabn | a|a d
040 ## - CATALOGING SOURCE
- Original cataloging agency: NUST
- Transcribing agency: NUST
100 ## - HEADING--PERSONAL NAME
- Personal name: BURD, BARRY
670 ## - SOURCE DATA FOUND
- Source citation: Work cat.: (NUST): BURD, BARRY., JAVA FOR DUMMIES /, 2017.
